Neotithic and post -neotithic cultures/ (Record no. 165366)

MARC details
000 -LEADER
fixed length control field 00571nam a22001937a 4500
005 - DATE AND TIME OF LATEST TRANSACTION
control field 20210720164713.0
010 ## - LCCN (DPL NO)
LC control number ENG-125606 ENG-129603
020 ## - INTERNATIONAL STANDARD BOOK NUMBER
International Standard Book Number 8170993113
Terms of availability 900.00
035 ## - SYSTEM CONTROL NUMBER
System control number EN-109138
035 ## - SYSTEM CONTROL NUMBER
System control number EN-113135
037 ## - SOURCE OF ACQUISITION
Source of stock number/acquisition DBAD/PUB
082 ## - DEWEY DECIMAL CLASSIFICATION NUMBER
Classification number 934.01
100 ## - MAIN ENTRY--PERSONAL NAME
Personal name Reddy, V Rami
245 ## - TITLE STATEMENT
Title Neotithic and post -neotithic cultures/
Statement of responsibility, etc by V. Rami Reddy
260 ## - PUBLICATION, DISTRIBUTION, ETC. (IMPRINT)
Place of publication, distribution, etc Tirupati
Name of publisher, distributor, etc V.Indira
Date of publication, distribution, etc 2018
270 ## - ADDRESS
Address 8-30,Vidyanagar,
City Svunt colony, Tirupati
Postal code 517502
300 ## - PHYSICAL DESCRIPTION
Extent 167p.
Dimensions 24cm(pbk)
Other physical details ill.
942 ## - ADDED ENTRY ELEMENTS (KOHA)
Source of classification or shelving scheme Dewey Decimal Classification
Item type English Books
Classification part 934.01
Call number suffix RED
Holdings
Withdrawn status Lost status Not for loan Collection code Home library Current library Date acquired Source of acquisition Cost, normal purchase price Full call number Barcode Copy number Cost, replacement price Koha item type
      Non-fiction Bawana Bawana 14/06/2019 DBAD/PUB 900.00 934.01 RED EN-109138 1 900.00 English Books
      Non-fiction Central Library Central Library 20/07/2021 DBAD/PUB 900.00 934.01 RED EN-113135 1 900.00 English Books

© Delhi Public Library
Hit Counter
free hit counter